[Event "Pardubice Czech op-A 34th"]
[Site "Pardubice"]
[Date "2023.07.28"]
[Round "8"]
[White "Czopor, Maciej"]
[Black "Kearns, Christopher"]
[Result "1-0"]
[WhiteElo "2379"]
[BlackElo "2184"]
[PlyCount "95"]
[EventDate "2023.07.21"]
[EventType "swiss"]
[EventRounds "9"]
[EventCountry "CZE"]
[SourceTitle "CBM 215 Extra"]
[Source "ChessBase"]
[SourceDate "2023.09.30"]
[SourceVersion "1"]
[SourceVersionDate "2023.09.30"]
[SourceQuality "1"]

1. e4 c5 2. Nf3 e6 3. d4 cxd4 4. Nxd4 Nf6 5. Nc3 d6 6. g4 h6 7. Rg1 Be7 8. Be3 d5 9. exd5 Nxd5 10. Nxd5 Qxd5 11. Nb5 Qe5 12. Qd4 Qxd4 13. Bxd4 0-0 14. Nxa7 e5 15. Be3 Be6 16. Bg2 Bg5 17. Nb5 Bxe3 18. fxe3 Nc6 19. Bxc6 bxc6 20. Nc3 Rfd8 21. a4 Rab8 22. b3 c5 23. Rb1 Rb4 24. e4 Rdb8 25. Ke2 Rd4 26. Ke3 Rbb4 27. a5 Bc8 28. Ra1 Bb7 29. Rgd1 h5 30. a6 Ba8 31. a7 Kh7 32. h3 Kh6 33. Rg1 c4 34. Nd5 Rb7 35. Ra6+ Kh7 36. b4 c3 37. Rga1 f6 38. R1a3 hxg4 39. hxg4 Rbxb4 40. Nxb4 Rxe4+ 41. Kf2 Rxb4 42. Rxc3 Rf4+ 43. Kg3 Kg6 44. Rc8 Rf3+ 45. Kh2 Rf2+ 46. Kg1 Rg2+ 47. Kf1 Be4 48. Rcc6 1-0

[Event "Pardubice Czech op-A 29th"]
[Site "Pardubice"]
[Date "2018.07.26"]
[Round "7"]
[White "Kearns, Christopher"]
[Black "Hoefelsauer, Thomas"]
[Result "1/2-1/2"]
[WhiteElo "2221"]
[BlackElo "2361"]
[PlyCount "56"]
[EventDate "2018.07.20"]
[EventType "swiss"]
[EventRounds "9"]
[EventCountry "CZE"]
[SourceTitle "CBM 185 Extra"]
[Source "ChessBase"]
[SourceDate "2018.07.29"]
[SourceVersion "1"]
[SourceVersionDate "2018.07.29"]
[SourceQuality "1"]

1. e4 c6 2. d4 d5 3. Nc3 dxe4 4. Nxe4 Bf5 5. Ng3 Bg6 6. h4 h6 7. Nh3 Nf6 8. Nf4 Bh7 9. Bc4 Nbd7 10. Ngh5 e6 11. Qe2 Nxh5 12. Nxh5 Nf6 13. Nxf6+ Qxf6 14. c3 Bd6 15. d5 cxd5 16. Bxd5 0-0 17. Bxb7 Rab8 18. Be4 Bxe4 19. Qxe4 Rb5 20. 0-0 Re5 21. Qg4 Rb8 22. Be3 h5 23. Qh3 Re4 24. Bg5 Qe5 25. b3 Rc8 26. Bd2 Qf6 27. Bg5 Qe5 28. Bd2 Qf6 1/2-1/2

[Event "Pardubice Czech op-A 29th"]
[Site "Pardubice"]
[Date "2018.07.25"]
[Round "6"]
[White "Flick, Antoine"]
[Black "Kearns, Christopher"]
[Result "1/2-1/2"]
[WhiteElo "2348"]
[BlackElo "2221"]
[PlyCount "75"]
[EventDate "2018.07.20"]
[EventType "swiss"]
[EventRounds "9"]
[EventCountry "CZE"]
[SourceTitle "CBM 185 Extra"]
[Source "ChessBase"]
[SourceDate "2018.07.29"]
[SourceVersion "1"]
[SourceVersionDate "2018.07.29"]
[SourceQuality "1"]

1. d4 d5 2. c4 Nc6 3. Nf3 Bg4 4. e3 e5 5. dxe5 dxc4 6. Qxd8+ Rxd8 7. Bxc4 Nxe5 8. Be2 Nd3+ 9. Bxd3 Rxd3 10. Bd2 Rd8 11. Nc3 Nf6 12. h3 Bf5 13. Nd4 Bg6 14. 0-0-0 Bc5 15. Nb3 Bb6 16. Na4 Ne4 17. Be1 0-0 18. Nxb6 cxb6 19. Rxd8 Rxd8 20. f3 Nc5 21. Nxc5 bxc5 22. e4 f6 23. Kc2 Bf7 24. a3 b6 25. Bc3 Bc4 26. b3 Be6 27. Re1 Kf7 28. Re2 h5 29. h4 Rd7 30. Re1 Rd8 31. Rg1 Bc8 32. Rf1 Ba6 33. Re1 Bc8 34. Bd2 Be6 35. Re3 a5 36. Bc3 Ke7 37. Re1 Kf7 38. Re3 1/2-1/2

[Event "Pardubice Czech op-A 29th"]
[Site "Pardubice"]
[Date "2018.07.21"]
[Round "2"]
[White "Pacher, Milan"]
[Black "Kearns, Christopher"]
[Result "1-0"]
[WhiteElo "2467"]
[BlackElo "2221"]
[PlyCount "71"]
[EventDate "2018.07.20"]
[EventType "swiss"]
[EventRounds "9"]
[EventCountry "CZE"]
[SourceTitle "CBM 185 Extra"]
[Source "ChessBase"]
[SourceDate "2018.07.29"]
[SourceVersion "1"]
[SourceVersionDate "2018.07.29"]
[SourceQuality "1"]

1. e4 d5 2. exd5 Nf6 3. c4 e6 4. d4 exd5 5. Nc3 Bb4 6. Bd3 0-0 7. Nge2 c5 8. 0-0 cxd4 9. Nxd4 dxc4 10. Bxc4 Bg4 11. f3 Bc5 12. Be3 Bd7 13. Kh1 Bb6 14. Qb3 Na6 15. Rad1 Nc5 16. Qc2 Qc8 17. Ndb5 Bf5 18. Qf2 Bg6 19. Nd6 Qc7 20. Ncb5 Qc6 21. Rc1 a6 22. Bxc5 Bxc5 23. Bxf7+ Bxf7 24. Rxc5 Qb6 25. Nxf7 axb5 26. Nh6+ Kh8 27. Nf5 Nd7 28. Rd5 Qe6 29. Rfd1 Ne5 30. Nxg7 Kxg7 31. Qd4 Rfe8 32. f4 Ra4 33. b4 Rxa2 34. Rxe5 Qf6 35. Qd7+ Qf7 36. Rxe8 1-0

[Event "Oberliga Ost-B 1718"]
[Site "Germany"]
[Date "2017.12.10"]
[Round "4.4"]
[White "Kearns, Christopher"]
[Black "Seifert, Christopher"]
[Result "0-1"]
[WhiteElo "2209"]
[BlackElo "2290"]
[PlyCount "66"]
[EventDate "2017.10.22"]
[EventType "team-tourn"]
[EventRounds "11"]
[EventCountry "GER"]
[SourceTitle "EXT 2019"]
[Source "ChessBase"]
[SourceDate "2018.10.10"]
[SourceVersion "1"]
[SourceVersionDate "2018.10.10"]
[SourceQuality "1"]
[WhiteTeam "Kassel"]
[BlackTeam "Neuberg"]
[WhiteTeamCountry "GER"]
[BlackTeamCountry "GER"]

1. e4 c5 2. Nf3 Nc6 3. d4 cxd4 4. Nxd4 Nf6 5. Nc3 e6 6. Ndb5 Bb4 7. a3 Bxc3+ 8. Nxc3 d5 9. exd5 exd5 10. Bd3 0-0 11. 0-0 d4 12. Ne2 Bg4 13. f3 Bh5 14. Nf4 Bg6 15. Nxg6 hxg6 16. Bg5 Qb6 17. Bxf6 gxf6 18. f4 Kg7 19. Qg4 Rae8 20. b4 Rh8 21. Rae1 Re3 22. b5 Ne7 23. f5 g5 24. g3 Nd5 25. h4 Qd6 26. Kf2 Rxh4 27. gxh4 Qh2+ 28. Qg2 Qxh4+ 29. Kg1 Rg3 30. Be4 Ne3 31. Rxe3 dxe3 32. Bd3 g4 33. Be2 Rxg2+ 0-1

[Event "Oberliga Ost-B 1617"]
[Site "Germany"]
[Date "2017.05.06"]
[Round "10.5"]
[White "Lutz, Klaus Juergen"]
[Black "Kearns, Christopher"]
[Result "1/2-1/2"]
[WhiteElo "2277"]
[BlackElo "2180"]
[PlyCount "65"]
[EventDate "2016.10.16"]
[EventType "team-tourn"]
[EventRounds "11"]
[EventCountry "GER"]
[SourceTitle "EXT 2018"]
[Source "ChessBase"]
[SourceDate "2017.10.13"]
[SourceVersion "1"]
[SourceVersionDate "2017.10.13"]
[SourceQuality "1"]
[WhiteTeam "Neuberg"]
[BlackTeam "Kassel"]
[WhiteTeamCountry "GER"]
[BlackTeamCountry "GER"]

1. e4 d5 2. exd5 Nf6 3. Nf3 Bg4 4. h3 Bxf3 5. Qxf3 Qxd5 6. Qxd5 Nxd5 7. d4 e6 8. a3 Nc6 9. Bb5 Nde7 10. c3 0-0-0 11. Bf4 a6 12. Be2 Ng6 13. Be3 e5 14. dxe5 Ncxe5 15. 0-0 f5 16. g3 Nd3 17. b4 f4 18. Bd4 Nde5 19. Nd2 Nc6 20. Nb3 Nxd4 21. Nxd4 Kb8 22. Kg2 Bd6 23. Rad1 Be5 24. Ne6 Rxd1 25. Rxd1 fxg3 26. fxg3 Bxc3 27. Nxc7 Bb2 28. Rd7 Rc8 29. Nd5 Rc2 30. Kf1 Rc1+ 31. Kg2 Rc2 32. Kf1 Rc1+ 33. Kg2 1/2-1/2

[Event "Oberliga Ost-B 1617"]
[Site "Germany"]
[Date "2016.12.04"]
[Round "4.5"]
[White "Felgendreher, Heiko"]
[Black "Kearns, Christopher"]
[Result "1/2-1/2"]
[WhiteElo "2222"]
[BlackElo "2180"]
[PlyCount "28"]
[EventDate "2016.10.16"]
[EventType "team-tourn"]
[EventRounds "11"]
[EventCountry "GER"]
[SourceTitle "EXT 2018"]
[Source "ChessBase"]
[SourceDate "2017.10.13"]
[SourceVersion "1"]
[SourceVersionDate "2017.10.13"]
[SourceQuality "1"]
[WhiteTeam "Moerlenbach Birkenau"]
[BlackTeam "Kassel"]
[WhiteTeamCountry "GER"]
[BlackTeamCountry "GER"]

1. e4 d5 2. exd5 Nf6 3. c4 e6 4. dxe6 Bxe6 5. Nf3 Nc6 6. d4 Bb4+ 7. Nc3 Ne4 8. Bd2 Nxd2 9. Qxd2 Qe7 10. Qe3 0-0-0 11. 0-0-0 Bxc3 12. Qxc3 Bg4 13. d5 Nb4 14. Qb3 Qc5 1/2-1/2

[Event "Hessen-ch Meister"]
[Site "Floersheim"]
[Date "2016.05.08"]
[Round "9"]
[White "Kearns, Christopher"]
[Black "Mager, Denis"]
[Result "1/2-1/2"]
[WhiteElo "2175"]
[BlackElo "2214"]
[PlyCount "20"]
[EventDate "2016.05.04"]
[EventType "swiss"]
[EventRounds "9"]
[EventCountry "GER"]
[SourceTitle "EXT 2022"]
[Source "ChessBase"]
[SourceDate "2021.10.06"]
[SourceVersion "1"]
[SourceVersionDate "2021.10.06"]
[SourceQuality "1"]

1. e4 c5 2. Nf3 d6 3. d4 cxd4 4. Nxd4 Nf6 5. Nc3 a6 6. Rg1 b5 7. g4 Bb7 8. g5 Nxe4 9. Nxe4 Bxe4 10. Qg4 Bb7 1/2-1/2

[Event "Hessen-ch Meister"]
[Site "Floersheim"]
[Date "2016.05.04"]
[Round "2"]
[White "Chandler, Patrick"]
[Black "Kearns, Christopher"]
[Result "1/2-1/2"]
[WhiteElo "2154"]
[BlackElo "2175"]
[PlyCount "160"]
[EventDate "2016.05.04"]
[EventType "swiss"]
[EventRounds "9"]
[EventCountry "GER"]
[SourceTitle "EXT 2022"]
[Source "ChessBase"]
[SourceDate "2021.10.06"]
[SourceVersion "1"]
[SourceVersionDate "2021.10.06"]
[SourceQuality "1"]

1. d4 Nf6 2. Nf3 e6 3. Bg5 c5 4. e3 Nc6 5. Nbd2 Be7 6. c3 0-0 7. Bd3 d6 8. a4 cxd4 9. exd4 Nd5 10. Bxe7 Ncxe7 11. 0-0 Nf4 12. Bc2 Bd7 13. g3 Nfd5 14. Nc4 Bc6 15. Qd3 Nf6 16. Ncd2 Ned5 17. b4 b6 18. b5 Bb7 19. Rfb1 Rc8 20. c4 Ne7 21. a5 d5 22. c5 bxc5 23. dxc5 Rxc5 24. Nb3 Rc8 25. Rc1 Qd6 26. Qd4 a6 27. Nc5 Ba8 28. Nxa6 Rc4 29. Qb6 Qxb6 30. axb6 Nd7 31. Bd3 Rxc1+ 32. Rxc1 Nxb6 33. Rc7 Ng6 34. Bxg6 hxg6 35. Ne5 d4 36. Nc5 Bd5 37. f4 Na8 38. Ra7 Rb8 39. Nxf7 Rxb5 40. Nd3 Nb6 41. Nfe5 Rb3 42. Re7 Nc4 43. Re8+ Kh7 44. Nxc4 Rxd3 45. Ne5 Ra3 46. Rb8 Ra2 47. Rb4 Rd2 48. Kf1 d3 49. Rd4 g5 50. fxg5 Bg2+ 51. Kg1 Bd5 52. g6+ Kh6 53. Rg4 Rd1+ 54. Kf2 Rd2+ 55. Ke3 Re2+ 56. Kd4 Kh5 57. Rh4+ Kg5 58. Nxd3 Ra2 59. Nf4 Kf6 60. Kc5 Bh1 61. Rh8 e5 62. Rf8+ Kg5 63. h4+ Kg4 64. Nd3 Be4 65. Nxe5+ Kxg3 66. h5 Rh2 67. Kd4 Bc2 68. Rh8 Kf4 69. Rh7 Be4 70. Rxg7 Rd2+ 71. Kc3 Rc2+ 72. Kb3 Rh2 73. Nc4 Bd5 74. Rh7 Kg5 75. Rd7 Be6 76. Re7 Kf6 77. Rh7 Rh4 78. Rc7 Rxh5 79. g7 Rg5 80. Kc3 Rxg7 1/2-1/2

[Event "Oberliga Ost-B 1516"]
[Site "Germany"]
[Date "2016.04.10"]
[Round "11.2"]
[White "Kearns, Christopher"]
[Black "Wendel, Stephan"]
[Result "1-0"]
[WhiteElo "2176"]
[BlackElo "2286"]
[PlyCount "93"]
[EventDate "2015.09.20"]
[EventType "team-tourn"]
[EventRounds "11"]
[EventCountry "GER"]
[SourceTitle "EXT 2017"]
[Source "ChessBase"]
[SourceDate "2016.10.25"]
[SourceVersion "1"]
[SourceVersionDate "2016.10.25"]
[SourceQuality "1"]
[WhiteTeam "Kassel"]
[BlackTeam "Frankfurt BvK"]
[WhiteTeamCountry "GER"]
[BlackTeamCountry "GER"]

1. e4 c5 2. Nf3 d6 3. d4 cxd4 4. Nxd4 Nf6 5. Nc3 g6 6. Be3 Bg7 7. f3 Nc6 8. Qd2 0-0 9. 0-0-0 d5 10. h4 dxe4 11. h5 Nxd4 12. Bxd4 Nxh5 13. Qe3 Bxd4 14. Rxd4 Qa5 15. g4 Nf6 16. Qh6 Be6 17. Ra4 Qb6 18. Nxe4 Rfd8 19. Ra3 Qd4 20. Bd3 Rac8 21. Nxf6+ exf6 22. Kb1 a6 23. Ra5 f5 24. gxf5 Bxf5 25. Qxh7+ Kf8 26. Qh6+ Kg8 27. Bxf5 Qd1+ 28. Qc1 Qxc1+ 29. Kxc1 gxf5 30. Rxf5 Rc6 31. c3 Rg6 32. Rf4 Kg7 33. Re1 Rd7 34. a4 Rg5 35. Kc2 Rg2+ 36. Kb3 Rdd2 37. Rg4+ Kf6 38. Rxg2 Rxg2 39. Re4 Rg5 40. Rb4 b5 41. axb5 axb5 42. Rd4 Rf5 43. f4 Ke6 44. Kb4 f6 45. c4 bxc4 46. Kxc4 Rh5 47. b4 1-0

[Event "Oberliga Ost-B 1516"]
[Site "Germany"]
[Date "2016.01.17"]
[Round "7.3"]
[White "Kearns, Christopher"]
[Black "Mysliwiec, Joerg"]
[Result "1-0"]
[WhiteElo "2176"]
[BlackElo "2106"]
[PlyCount "117"]
[EventDate "2015.09.20"]
[EventType "team-tourn"]
[EventRounds "11"]
[EventCountry "GER"]
[SourceTitle "EXT 2017"]
[Source "ChessBase"]
[SourceDate "2016.10.25"]
[SourceVersion "1"]
[SourceVersionDate "2016.10.25"]
[SourceQuality "1"]
[WhiteTeam "Kassel"]
[BlackTeam "Weimar"]
[WhiteTeamCountry "GER"]
[BlackTeamCountry "GER"]

1. e4 c6 2. d4 d5 3. e5 c5 4. dxc5 Nc6 5. Bb5 Qa5+ 6. Nc3 e6 7. Be3 Nge7 8. a3 Nf5 9. Bf4 Qc7 10. g4 Nh4 11. Bg3 Be7 12. Qd2 h5 13. gxh5 Nf5 14. Bf4 Bxc5 15. h6 Nxh6 16. 0-0-0 a6 17. Ba4 Qb6 18. Bxc6+ Qxc6 19. Ne4 Be7 20. Bg5 Bf8 21. Ng3 b5 22. Qa5 Bd7 23. N1e2 Bc5 24. Nh5 Nf5 25. Neg3 Kf8 26. Qd2 Rc8 27. Rhg1 Nxg3 28. Nxg3 a5 29. Kb1 b4 30. axb4 axb4 31. Ne4 Ra8 32. Nxc5 Qxc5 33. Rg4 Rxh2 34. Be3 Qa5 35. Qxb4+ Kg8 36. Qxa5 Rxa5 37. Rdg1 g6 38. Bg5 Bb5 39. Bf6 Kf8 40. Rb4 Ke8 41. Bh4 Ra4 42. Rxa4 Bxa4 43. Bg3 Rh5 44. b3 Bb5 45. Kb2 f6 46. f4 Kf7 47. Kc3 g5 48. fxg5 fxg5 49. Kd4 g4 50. Rg2 Kg6 51. Kc5 Bf1 52. Rf2 Rf5 53. Bf4 Bh3 54. b4 Rxf4 55. Rxf4 g3 56. Rd4 Kf5 57. Rd1 g2 58. Rg1 Kxe5 59. b5 1-0

[Event "Oberliga Ost-B 1516"]
[Site "Germany"]
[Date "2015.11.15"]
[Round "4.4"]
[White "Koller, Jens"]
[Black "Kearns, Christopher"]
[Result "1-0"]
[WhiteElo "2226"]
[BlackElo "2176"]
[PlyCount "119"]
[EventDate "2015.09.20"]
[EventType "team-tourn"]
[EventRounds "11"]
[EventCountry "GER"]
[SourceTitle "EXT 2017"]
[Source "ChessBase"]
[SourceDate "2016.10.25"]
[SourceVersion "1"]
[SourceVersionDate "2016.10.25"]
[SourceQuality "1"]
[WhiteTeam "Oberursel"]
[BlackTeam "Kassel"]
[WhiteTeamCountry "GER"]
[BlackTeamCountry "GER"]

1. e4 c5 2. Nf3 e6 3. d4 cxd4 4. Nxd4 Nc6 5. Nc3 Nf6 6. Ndb5 d6 7. Bf4 e5 8. Bg5 a6 9. Na3 d5 10. Nxd5 Bxa3 11. Bxf6 gxf6 12. bxa3 f5 13. Bd3 Be6 14. c3 Qa5 15. 0-0 0-0-0 16. Rb1 Qxa3 17. Qe2 Bxd5 18. exd5 Rxd5 19. Bxf5+ Kc7 20. Be4 Ra5 21. Qf3 Qe7 22. Rfd1 Rc5 23. Rd3 h6 24. h3 Rf8 25. Qf5 Qe6 26. Qxe6 fxe6 27. Rg3 Re8 28. Rg7+ Re7 29. Rxb7+ Kd6 30. Rgxe7 Nxe7 31. Rb6+ Kd7 32. Rxa6 Rxc3 33. a4 Nc8 34. f3 Nd6 35. Ra7+ Kd8 36. Rh7 Rc4 37. Rxh6 Ke7 38. Rh7+ Kf6 39. Rh6+ Ke7 40. Rh7+ Kf6 41. Rh4 Rxa4 42. Rg4 Nf5 43. h4 Ra1+ 44. Kh2 Ne3 45. Rg6+ Kf7 46. h5 Nf1+ 47. Kh3 Ne3 48. g4 Nd5 49. Bxd5 exd5 50. Rd6 Rd1 51. Kg2 Rd2+ 52. Kg3 Rd3 53. g5 e4 54. g6+ Ke7 55. g7 Rxf3+ 56. Kg2 Kxd6 57. g8Q Rf6 58. h6 e3 59. h7 e2 60. Qg3+ 1-0

[Event "Oberliga Ost-B 1516"]
[Site "Germany"]
[Date "2015.10.11"]
[Round "3.4"]
[White "Kearns, Christopher"]
[Black "Klippel, Jan"]
[Result "1/2-1/2"]
[WhiteElo "2176"]
[BlackElo "2055"]
[PlyCount "70"]
[EventDate "2015.09.20"]
[EventType "team-tourn"]
[EventRounds "11"]
[EventCountry "GER"]
[SourceTitle "EXT 2017"]
[Source "ChessBase"]
[SourceDate "2016.10.25"]
[SourceVersion "1"]
[SourceVersionDate "2016.10.25"]
[SourceQuality "1"]
[WhiteTeam "Kassel"]
[BlackTeam "Giessen"]
[WhiteTeamCountry "GER"]
[BlackTeamCountry "GER"]

1. e4 c5 2. Nf3 e6 3. d4 cxd4 4. Nxd4 Nf6 5. Nc3 d6 6. g4 h6 7. h4 a6 8. Rg1 Nfd7 9. g5 hxg5 10. hxg5 g6 11. Be3 Nc6 12. Be2 Qc7 13. Qd2 b5 14. 0-0-0 Bb7 15. f4 Nxd4 16. Qxd4 Rh7 17. f5 Ne5 18. f6 0-0-0 19. a3 Qc5 20. Qd2 Qc7 21. Bf4 Nc4 22. Bxc4 Qxc4 23. Rg3 Bxe4 24. b3 Qc6 25. Na2 Kb7 26. Rc3 Qd5 27. Qe3 Rh1 28. Rxh1 Bxh1 29. Nb4 Qe4 30. Qf2 Qg2 31. Qe1 Qe4 32. Qf2 Qg2 33. Qe1 Qe4 34. Qg3 Qg2 35. Qe1 Qe4 1/2-1/2

[Event "Pardubice Czech op-A 26th"]
[Site "Pardubice"]
[Date "2015.07.25"]
[Round "2"]
[White "Kearns, Christopher"]
[Black "Camarena Gimenez, Rufino"]
[Result "0-1"]
[WhiteElo "2176"]
[BlackElo "2378"]
[PlyCount "86"]
[EventDate "2015.07.24"]
[EventType "swiss"]
[EventRounds "9"]
[EventCountry "CZE"]
[SourceTitle "CBM 167 Extra"]
[Source "ChessBase"]
[SourceDate "2015.09.14"]
[SourceVersion "1"]
[SourceVersionDate "2015.09.14"]
[SourceQuality "1"]

1. e4 e6 2. d4 d5 3. e5 c5 4. c3 Nc6 5. Nf3 Nge7 6. Bd3 cxd4 7. cxd4 Bd7 8. 0-0 Ng6 9. a3 Be7 10. b4 0-0 11. g3 f6 12. h4 fxe5 13. Bxg6 hxg6 14. Nxe5 Nxe5 15. dxe5 a5 16. bxa5 Bb5 17. Re1 Bc5 18. Ra2 Bc6 19. Qg4 Qxa5 20. Rf1 Bb5 21. Qxe6+ Kh7 22. Bd2 Qd8 23. Bg5 Qa5 24. Rc1 Bc4 25. Rb2 Rae8 26. Qg4 Rxe5 27. Bd2 Rxf2 28. Bxa5 Rxb2+ 29. Kh1 Be2 30. Qf4 Rf5 31. Rxc5 Rxf4 32. gxf4 Rxb1+ 33. Kh2 b6 34. Rc2 Bd1 35. Rd2 bxa5 36. Rxd5 a4 37. h5 gxh5 38. Kg3 Rb3+ 39. Kh4 Bg4 40. Ra5 Rxa3 41. Kg5 Ra1 42. Ra7 a3 43. f5 Bxf5 0-1

[Event "Pardubice Czech op-A 26th"]
[Site "Pardubice"]
[Date "2015.07.24"]
[Round "1"]
[White "Manik, Mikulas"]
[Black "Kearns, Christopher"]
[Result "1/2-1/2"]
[WhiteElo "2408"]
[BlackElo "2176"]
[PlyCount "49"]
[EventDate "2015.07.24"]
[EventType "swiss"]
[EventRounds "9"]
[EventCountry "CZE"]
[SourceTitle "CBM 167 Extra"]
[Source "ChessBase"]
[SourceDate "2015.09.14"]
[SourceVersion "1"]
[SourceVersionDate "2015.09.14"]
[SourceQuality "1"]

1. e4 c5 2. Nf3 e6 3. d4 cxd4 4. Nxd4 Nc6 5. Nc3 Nf6 6. Nxc6 bxc6 7. e5 Nd5 8. Ne4 Qa5+ 9. c3 Ba6 10. Bxa6 Qxa6 11. b3 f5 12. exf6 Nxf6 13. Nxf6+ gxf6 14. Qh5+ Kd8 15. Bb2 Qd3 16. Rd1 Qe4+ 17. Kf1 Rg8 18. Rg1 Rg5 19. Qe2 Qxe2+ 20. Kxe2 Re5+ 21. Kd3 Bc5 22. c4 Rf5 23. Rgf1 Ke7 24. f3 Rh5 25. h3 1/2-1/2

[Event "GER Cup"]
[Site "Wiesbaden/Niedernhausen"]
[Date "2015.06.04"]
[Round "1.8"]
[White "Perestjuk, Marko"]
[Black "Kearns, Christopher"]
[Result "1-0"]
[WhiteElo "2040"]
[BlackElo "2169"]
[PlyCount "83"]
[EventDate "2015.06.04"]
[EventType "k.o."]
[EventRounds "5"]
[EventCountry "GER"]
[SourceTitle "EXT 2017"]
[Source "ChessBase"]
[SourceDate "2016.10.25"]
[SourceVersion "1"]
[SourceVersionDate "2016.10.25"]
[SourceQuality "1"]

1. e4 c5 2. Nf3 e6 3. d4 cxd4 4. Nxd4 Nc6 5. Nb5 Nf6 6. N1c3 Bc5 7. Bf4 0-0 8. Be2 a6 9. Nd6 Qb6 10. 0-0 Nd4 11. e5 Bxd6 12. exd6 Nxe2+ 13. Qxe2 Qxb2 14. Be5 Qa3 15. Bxf6 gxf6 16. Ne4 Qb2 17. Rab1 Qe5 18. Rb3 Kh8 19. f4 Qf5 20. g4 Qg6 21. Rg3 b6 22. f5 Qh6 23. fxe6 f5 24. e7 Rg8 25. Ng5 Qxg5 26. e8Q Rxe8 27. Qxe8+ Qg8 28. Qe5+ Qg7 29. Qe8+ Qg8 30. Qxg8+ Kxg8 31. gxf5+ Kh8 32. Re1 Bb7 33. Re7 Bd5 34. Rxd7 h5 35. Re7 Rd8 36. d7 Kh7 37. Rd3 Bc6 38. Rxf7+ Kg8 39. Re7 h4 40. f6 Kf8 41. Rh7 Kg8 42. Re7 1-0

[Event "Hessenliga 1314"]
[Site "Germany"]
[Date "2014.03.09"]
[Round "7.5"]
[White "Kearns, Christopher"]
[Black "Reh, Philipp"]
[Result "1-0"]
[WhiteElo "2158"]
[BlackElo "2064"]
[PlyCount "79"]
[EventDate "2013.09.29"]
[EventType "team-tourn"]
[EventRounds "9"]
[EventCountry "GER"]
[SourceTitle "EXT 2015"]
[Source "ChessBase"]
[SourceDate "2014.11.20"]
[SourceVersion "1"]
[SourceVersionDate "2014.11.20"]
[SourceQuality "1"]
[WhiteTeam "Korbach"]
[BlackTeam "Fulda"]
[WhiteTeamCountry "GER"]
[BlackTeamCountry "GER"]

1. e4 g6 2. d4 d6 3. Nc3 Bg7 4. Be3 Nf6 5. Qd2 c6 6. f3 b5 7. a3 Nbd7 8. g4 h5 9. g5 Nh7 10. d5 c5 11. Bxb5 0-0 12. Nd1 Ne5 13. h3 f5 14. f4 Rb8 15. Be2 fxe4 16. fxe5 Bxe5 17. c3 Nxg5 18. Nf2 Bg3 19. 0-0-0 Qb6 20. Bxg5 Bxf2 21. Bc4 e3 22. Qc2 Bf5 23. Bd3 c4 24. Bxf5 Rxf5 25. h4 Kg7 26. Ne2 Qb7 27. Nf4 e2 28. Nxe2 Rxd5 29. Rxd5 Qxd5 30. Rd1 Qe5 31. Kb1 Be3 32. Bxe3 Qxe3 33. Rf1 Rf8 34. Rxf8 Kxf8 35. Nd4 Kg7 36. Qg2 Qd3+ 37. Ka2 Qd1 38. Qg5 e5 39. Nf5+ Kf8 40. Qf6+ 1-0

[Event "Hessenliga 1314"]
[Site "Germany"]
[Date "2014.02.02"]
[Round "6.1"]
[White "Haucke, Alexander"]
[Black "Kearns, Christopher"]
[Result "0-1"]
[WhiteElo "2223"]
[BlackElo "2158"]
[PlyCount "86"]
[EventDate "2013.09.29"]
[EventType "team-tourn"]
[EventRounds "9"]
[EventCountry "GER"]
[SourceTitle "EXT 2015"]
[Source "ChessBase"]
[SourceDate "2014.11.20"]
[SourceVersion "1"]
[SourceVersionDate "2014.11.20"]
[SourceQuality "1"]
[WhiteTeam "Bad Homburg"]
[BlackTeam "Korbach"]
[WhiteTeamCountry "GER"]
[BlackTeamCountry "GER"]

1. Nf3 e6 2. d4 Nf6 3. c4 d5 4. g3 dxc4 5. Bg2 Bb4+ 6. Bd2 c5 7. dxc5 Bxc5 8. 0-0 Nbd7 9. Qc2 Qc7 10. Nc3 a6 11. a4 0-0 12. Ng5 h6 13. Nge4 Be7 14. Nxf6+ Nxf6 15. a5 Bd7 16. Na4 Bb5 17. Nb6 Rad8 18. Rfc1 Bc5 19. Be1 Bxb6 20. axb6 Qe7 21. b3 Rc8 22. bxc4 Rxc4 23. Qb2 Rfc8 24. Rxc4 Bxc4 25. f3 Nd7 26. Bf2 Bb5 27. Rc1 Qd8 28. Rd1 Qe7 29. f4 Bc6 30. e4 Nf6 31. Qe2 Qb4 32. e5 Nd5 33. Rd4 Qb1+ 34. Rd1 Qb4 35. Rd4 Qe7 36. f5 Nc3 37. Qd2 Bxg2 38. Kxg2 exf5 39. Rd6 Qxe5 40. Rd7 Qe4+ 41. Kh3 Qg4+ 42. Kg2 Ne4 43. Qd5 Rc2 0-1

[Event "Hessenliga 1314"]
[Site "Germany"]
[Date "2013.12.08"]
[Round "4.2"]
[White "Kaliski, Erwin"]
[Black "Kearns, Christopher"]
[Result "1/2-1/2"]
[WhiteElo "2266"]
[BlackElo "2158"]
[PlyCount "111"]
[EventDate "2013.09.29"]
[EventType "team-tourn"]
[EventRounds "9"]
[EventCountry "GER"]
[SourceTitle "EXT 2015"]
[Source "ChessBase"]
[SourceDate "2014.11.20"]
[SourceVersion "1"]
[SourceVersionDate "2014.11.20"]
[SourceQuality "1"]
[WhiteTeam "Bad Nauheim"]
[BlackTeam "Korbach"]
[WhiteTeamCountry "GER"]
[BlackTeamCountry "GER"]

1. e4 e5 2. Nf3 Nc6 3. Bb5 a6 4. Bxc6 dxc6 5. 0-0 Bg4 6. h3 Bh5 7. g4 Bg6 8. Nxe5 Qh4 9. Qf3 f6 10. Nxg6 hxg6 11. d4 Qxh3 12. Qxh3 Rxh3 13. Kg2 Rh4 14. f3 g5 15. Nc3 Ne7 16. Be3 Ng6 17. Rh1 0-0-0 18. Ne2 Bd6 19. Rxh4 Nxh4+ 20. Kf2 Rh8 21. Rh1 Ng6 22. Rxh8+ Nxh8 23. e5 fxe5 24. Bxg5 exd4 25. Nxd4 Be5 26. c3 Bxd4+ 27. cxd4 Kd7 28. Ke3 Nf7 29. Bf4 Nd6 30. Be5 g6 31. Kf4 Ke6 32. Kg5 Kf7 33. b3 b6 34. Kh6 b5 35. b4 Nc4 36. Bxc7 Nd2 37. f4 Ne4 38. Be5 Nf2 39. Kg5 Ne4+ 40. Kh4 Nc3 41. a3 Ne4 42. Kh3 Nd2 43. Kg3 Nc4 44. Kf3 Nxa3 45. Ke4 Nc4 46. f5 a5 47. bxa5 Nxa5 48. f6 Nc4 49. g5 Ke6 50. Bc7 Nd2+ 51. Ke3 Nc4+ 52. Kd3 Kf7 53. Kc3 Ne3 54. Kd3 Nd5 55. Be5 Ke6 56. Ke4 1/2-1/2

[Event "Brno op 4th"]
[Site "Brno"]
[Date "2013.11.22"]
[Round "8"]
[White "Kearns, Christopher"]
[Black "Grove, Michael"]
[Result "1-0"]
[WhiteElo "2158"]
[BlackElo "2078"]
[PlyCount "71"]
[EventDate "2013.11.16"]
[EventType "swiss"]
[EventRounds "9"]
[EventCountry "CZE"]
[SourceTitle "CBM 157 Extra"]
[Source "ChessBase"]
[SourceDate "2013.12.19"]
[SourceVersion "1"]
[SourceVersionDate "2013.12.19"]
[SourceQuality "1"]

1. e4 e5 2. Nf3 Nc6 3. Bc4 Nf6 4. d3 Be7 5. 0-0 0-0 6. Bb3 d6 7. h3 Na5 8. Nbd2 Nxb3 9. axb3 c6 10. Re1 b5 11. Nf1 Nd7 12. Ng3 Nb6 13. d4 Qc7 14. c3 Be6 15. Nf5 Bxf5 16. exf5 f6 17. Nh4 d5 18. Ng6 Rf7 19. Qh5 Bd6 20. Re3 e4 21. f3 Re8 22. Bd2 Bh2+ 23. Kh1 Bg3 24. Rf1 Bf4 25. Nxf4 Qxf4 26. Rxe4 Qb8 27. Rh4 h6 28. Rg4 Kf8 29. Ra1 Nc8 30. Bf4 Qb7 31. Qg6 Re2 32. Qh7 Qd7 33. Qh8+ Ke7 34. Rxg7 Qxf5 35. Qxh6 Rxb2 36. Re1+ 1-0